• 首页
  • 本馆介绍
  • 公告通知
  • 最新文献
  • 馆藏检索
  • 电子资源
  • 读者导购
  • 参考咨询
  • 我的图书馆
  • 登录
  • 详细信息显示
  • 放入我的书架
  • 预约/预借图书
  • 作者相关作品
  • 分类相关作品
  • 丛书相关作品
  • 出版社相关作品

书目信息

  • 表格格式
  • 工作单格式
  • 卡片格式
题名:
黑泽明的世界
    
 
作者: 佐藤忠男 著 ;李克世 译
分册:  
出版信息: 北京   中国电影出版社  1983.3
页数: 223页页
开本: 20cm
丛书名:
单 册:
中图分类: J905.313
科图分类:
主题词: 电影 , 电视--艺术
电子资源:
ISBN:
000 00588nam0 2200205 45
001 0312221749
005 20070731082939.15
010    @dCNY1.30
100    @a20031222d1983 km y0chiy0120 ea
101    @achi
200 1  @a黑泽明的世界@AHei Ze Ming De Shi Jie@f(日)佐藤忠男著@F(Ri)Zuo Teng Zhong Nan Zhu@g李克世等译
210    @a北京@c中国电影出版社@d1983.3
215    @a223页页@c照片@d20cm
606 0  @a电影
606 0  @a电视@x艺术
690    @aJ905.313@v3
701 0  @a佐藤忠男@4著
702 0  @a李克世@4译
801    @aCN@bTSTCL@c20070731
905    @a213230@dJ905.313@e41@b228930-933@f4
    
    黑泽明的世界/(日)佐藤忠男著/李克世等译.-北京:中国电影出版社,1983.3
    223页页:照片;20cm
    
    
    ISBN :CNY1.30
    
●
相关链接 在E读中查询图书 在五车中查询图书 在当当中查询图书 在豆瓣中查询图书


正题名:黑泽明的世界     索取号:J905.313/41         预约/预借

序号 登录号 条形码 馆藏地/架位号 状态 备注
1 0228930   001844552   密集书库/ [索取号:J905.313/41] 在馆    
2 0228931   001844561   密集书库/ [索取号:J905.313/41] 在馆    
3 0228932   001844570   密集书库/ [索取号:J905.313/41] 在馆    
4 0228933   001844589   密集书库/ [索取号:J905.313/41] 在馆    
5 0786259   207862598   密集书库/ [索取号:J905.313/41] 在馆    
唐山师范学院图书馆 欢迎您!
大连网信软件有限公司© 版权所有